[Event "Staufer op-B 30th"]
[Site "Schwaebisch Gmuend"]
[Date "2018.01.03"]
[Round "3"]
[White "Adler, Alexander"]
[Black "Ries, Florian"]
[Result "0-1"]
[WhiteElo "1801"]
[BlackElo "1952"]
[PlyCount "48"]
[EventDate "2018.01.02"]
[EventType "swiss"]
[EventRounds "9"]
[EventCountry "GER"]
[SourceTitle "EXT 2019"]
[Source "ChessBase"]
[SourceDate "2018.10.10"]
[SourceVersion "1"]
[SourceVersionDate "2018.10.10"]
[SourceQuality "1"]

1. c4 e5 2. g3 d6 3. Bg2 g6 4. d3 Bg7 5. Nf3 Ne7 6. 0-0 0-0 7. Nc3 c5 8. Qc2 Nbc6 9. a3 Bg4 10. e3 Qd7 11. Bd2 Bh3 12. Rab1 Bxg2 13. Kxg2 Rfc8 14. Rfd1 d5 15. cxd5 Nxd5 16. Be1 Nce7 17. Qe2 Rc6 18. d4 exd4 19. exd4 Qg4 20. Nxd5 Nxd5 21. Kh1 Re6 22. Qd3 c4 23. Ne5 Bxe5 24. Qxc4 Qe4+ 0-1